Un Paíis para todos : (Record no. 110066)
[ view plain ]
| 000 -LEADER | |
|---|---|
| campo de control de longitud fija | 00718cam a22002414a 4500 |
| 001 - NÚMERO DE CONTROL | |
| campo de control | 121490 |
| 005 - FECHA Y HORA DE LA ÚLTIMA TRANSACCIÓN | |
| campo de control | 20230411085948.0 |
| 008 - DATOS DE LONGITUD FIJA--INFORMACIÓN GENERAL | |
| campo de control de longitud fija | 100405s2004 mx 000 0 spa |
| 020 ## - NÚMERO INTERNACIONAL ESTÁNDAR DEL LIBRO | |
| Número Internacional Estándar del Libro | 9707015209 |
| 035 ## - NÚMERO DE CONTROL DEL SISTEMA | |
| Número de control de sistema | (MxMxBFM)bfm970125043 |
| 040 ## - FUENTE DE CATALOGACIÓN | |
| Centro catalogador/agencia de origen | DLC |
| Centro/agencia transcriptor | DLC |
| 100 1# - ENTRADA PRINCIPAL--NOMBRE DE PERSONA | |
| Nombre de persona | Vázquez Rigada, Fernando. |
| 245 13 - MENCIÓN DEL TÍTULO | |
| Título | Un Paíis para todos : |
| Resto del título | El sistema político mexicano del siglo XXI / |
| Mención de responsabilidad, etc. | Fernando Vázquez Rigada. |
| 260 ## - PUBLICACIÓN, DISTRIBUCIÓN, ETC. | |
| Lugar de publicación, distribución, etc. | México, D.F. : |
| Nombre del editor, distribuidor, etc. | Miguel Angel Porrúa, |
| Fecha de publicación, distribución, etc. | 2004. |
| 300 ## - DESCRIPCIÓN FÍSICA | |
| Extensión | 279 p. ; |
| Dimensiones | cm. |
| 650 #4 - PUNTO DE ACCESO ADICIONAL DE MATERIA--TÉRMINO DE MATERIA | |
| Término de materia o nombre geográfico como elemento de entrada | CRV |
| 650 #4 - PUNTO DE ACCESO ADICIONAL DE MATERIA--TÉRMINO DE MATERIA | |
| Término de materia o nombre geográfico como elemento de entrada | Colección René Villarreal. |
| 653 1# - TÉRMINO DE INDIZACIÓN--NO CONTROLADO | |
| Término no controlado | Political Science, Politics |
| 923 ## - | |
| -- | 20100219 |
| -- | 62329 |
| -- | MxMxBFM |
| 942 ## - ELEMENTOS DE ENTRADA SECUNDARIOS (KOHA) | |
| Fuente del sistema de clasificación o colocación | Clasificación de Library of Congress |
| Tipo de ítem Koha | |
| 946 ## - PROCESAMIENTO DE INFORMACIÓN LOCAL (OCLC) | |
| a | lmd |
| 985 ## - | |
| -- | VENDOR LOAD |
| Estatus retirado | Estado de pérdida | Fuente del sistema de clasificación o colocación | Estado de daño | No para préstamo | Colección | Biblioteca de origen | Biblioteca actual | Ubicación en estantería | Fecha de adquisición | Código de barras | Visto por última vez | Copia número | Tipo de ítem Koha |
|---|---|---|---|---|---|---|---|---|---|---|---|---|---|
| Clasificación de Library of Congress | Automatización y Procesos Técnicos | Biblioteca Juan Bosch | Biblioteca Juan Bosch | Automatización y Procesos Técnicos (1er. Piso) | 11/04/2023 | 00000114753 | 17/02/2019 | 1 |
